El libro de los libros de Chilam Balam

Después de la conquista española, los libros conocidos con el nombre genérico de Chilam Balam fueron redactados en lengua maya, con caracteres latinos. Estos libros conservan las tradiciones, mitos y costumbres de los antiguos mayas.

Bibliographic Details
Other Authors: Barrera Vásquez, Alfredo 1900-1980 (traductor), Rendón, Silvia (traductora)
Format: Libro
Language:Spanish
Published: México: Fondo de Cultura Económica, 1948.
Series:Biblioteca americana Literatura indígena
Subjects:

MARC

LEADER 00000cam a2200000 a 4500
001 023269
003 UAHC_CL
005 20240719162855.0
008 240718s1948 mx 000 u spa
035 |a CENTRAL 
040 |a UAHC_CL  |c UAHC_CL  |d UAHC_CL 
082 |2 21  |a 897.4  |b L697 
245 1 0 |a El libro de los libros de Chilam Balam  |c Traducción de sus textos paralelos por Alfredo Barrera Vásquez y Silvia Rendón. 
260 |a México:  |b Fondo de Cultura Económica,  |c 1948. 
300 |a 268 páginas. 
440 |a Biblioteca americana  |9 19994  |p Literatura indígena 
520 |a Después de la conquista española, los libros conocidos con el nombre genérico de Chilam Balam fueron redactados en lengua maya, con caracteres latinos. Estos libros conservan las tradiciones, mitos y costumbres de los antiguos mayas. 
650 0 |a Mayas   |9 19995 
650 0 |a Literatura indígena americana   |9 19997 
700 |a Barrera Vásquez, Alfredo  |d 1900-1980  |9 20012  |e traductor 
700 |a Rendón, Silvia  |9 20013  |e traductora 
942 |c BK  |2 ddc 
952 |0 0  |1 0  |2 ddc  |4 0  |6 897_400000000000000_LIB  |7 0  |8 COMP  |9 99720  |a BC  |b BC  |c General  |d 2024-07-18  |e Donación: Andrés Varela  |l 0  |o 897.4 LIB  |p 1444030  |r 2025-11-26 00:00:00  |t 1  |w 2024-07-18  |y BK  |B ANT 
999 |c 61883  |d 61883